000 00427nam a2200157 4500
008 0 1979 0a 000 0MEX
020 _a968-18-0973-4
050 _aTK146 M5518
082 _a537 M396e
100 _aMileaf, Harry
245 _aElectricidad 1-7 / Harry Mileaf
260 _aMéxico : Limusa
300 _a950 p. / 23cm
500 _aIncluye índice
650 _a1.ELECTRICIDAD \ 2.INGENIERIA ELECTRICA
999 _c14201
_d14201